Estudios sobre integración económica en América Latina

Gardado en:
Detalles Bibliográficos
Formato: Libro
Idioma:Lingua castelá
Publicado: Ciudad de México CEMLA 1966
Ciudad de México BID 1966
Series:Integración Económica Latinoamericana
Subjects:
Tags: Engadir etiqueta
Sen Etiquetas, Sexa o primeiro en etiquetar este rexistro!

MARC

LEADER 00000nam a2200000 a 4500
001 UCT8106
003 CL-VaPUC
008 970317e19660300mx |||||||||||||||||spa|d
082 0 4 |a 337.1  |b EST  |2 21 
245 1 0 |a Estudios sobre integración económica en América Latina 
300 |a 153 p 
942 |c BK 
945 |d 19970317 00:00:00  |a paguirre 
260 |a Ciudad de México  |b CEMLA  |c 1966 
260 |a Ciudad de México  |b BID  |c 1966 
650 0 |a Integración económica  |9 255024 
650 7 |a RELACIONES ECONOMICAS EXTERIORES  |2 CL-VaPUC  |9 259071 
650 0 |a Condiciones económicas  |9 258255 
650 0 |a Libre comercio  |9 323018 
651 0 |a América Latina   |9 255027 
583 |a last modification  |c 20130809 12:21:45  |k Rodrigo Vera 
490 0 |a Integración Económica Latinoamericana 
999 |c 256637  |d 256635 
952 |0 0  |1 0  |4 0  |6 337_100000000000000_EST_1966_1966  |7 0  |8 A  |9 279463  |a BIBDER  |b BIBDER  |d 2019-11-19  |i 1812874  |o 337.1 EST 1966 1966  |p 1812874  |r 2023-01-25  |w 2019-11-19  |y BK  |k DER